03077nam a2200349 a 4500001000200000003000900002005001700011008003100028020001500059040002500074082002900099100001700128245014400145260003600289300002100325504003100346505153600377590002601913650005301939650004901992650006002041651004902101651006402150700003702214710003502251910002402286942001202310952012602322952013102448952013102579999001702710 DO-SdBNP20221005111044.0090721s2004 dr 001 0 spa d a9993423688 aDO-SdBNPbspacBPMSU a301.7293bL318d 20042221 aLara, Erasmo10aDiálogo sobre el futuro dominicano /cErasmo Lara en diálogo con José Alcántara Almanzar ... [et al.] ; prólogo Rubén Silié. aSanto Domingo :bFLACSO,c2004. a290 p. ;a23 cm. aBibliografía: p.273-280.0 aPrólogo 11 -- Introducción 13 -- Cultura y desarrollo en la formación de lo dominicano 25 -- ¿Es determinante la cultura para el progreso social, económico y político? 28 -- Variabilidad cultural. ¿Qué utilizamos para definir una cultura? 31 -- Significado del tiempo 45 -- La comunicación social 47 -- Los procesos de socialización y los valores 49 -- Globalización y nosotros. ¿Cómo nos aproximamos a la misma? 56 -- Lo multicultural en nosotros 62 -- La homosexualidad como expresión de lo multicultural 65 -- ¿Discriminación racial entre nosotros? 67 -- ¿El individuo o la colectividad? 71 -- Democracia : ¿Podemos o no podemos? 74 -- Juventud divino tesoro 79 -- La familia y la mujer 88 -- Educación y progreso 91 -- Sistema judicial justo y eficiente. ¿Por qué es necesario? 98 -- Medios de comunicación, ¿en qué contribuyen? 102 -- Las iglesias : ¿ecuménicas o separadas? 105 -- El trabajo : ¿castigo o don divino? 109 -- La violencia estructural 114 -- Calidad de vida y sociedad 120 -- Métodos alternativos de resolución de conflictos: ¿si existen, por qué usar la violencia? 124 -- José Alcántara Almánzar 137 -- Ramonina Brea 149 -- Roberto Cassá 159 -- Jorge Cela 169 -- Orlando Haza 179 -- Telésforo Isaac 187 -- Antonio Lluberes 195 -- Andrés L. Mateo 207 -- Frank Moya Pons 219 -- Mu-Kien Sang Ben 229 -- Zoraida Vda. Suncar 237 -- Marcio Veloz Maggiolo 245 -- Josefina Zaiter 259 -- Bibliografía 273 -- El autor y sus invitados 281 -- Colofón 283. aInventariado, 2022/VM 4aPotencial de crecimientozRepública Dominicana 4aDesarrollo económico y socialxEntrevistas 4aIdentidad culturalzRepública DominicanaxEntrevistas 4aRepública DominicanaxCondiciones sociales 4aRepública DominicanaxNacionalismo Y CulturaxEntrevistas aSilié, Rubénd1946-epról.2 aFLACSO(República Dominicana) aVMateo V./Validado. 2ddccBK 00102ddc40708CDaBPMETbBPMETd2022-10-05l0oBPMSU CD 301.7293 L318d 2004pBPMSU22100015r2022-10-05w2022-10-05yBK 00102ddc40708CDaBPMETbBPMETd2022-10-05l0oBPMSU CD 301.7293 L318d 2004pBPMSU22100016r2022-10-05te.2w2022-10-05yBK 00102ddc40708CDaBPMETbBPMETd2022-10-05l0oBPMSU CD 301.7293 L318d 2004pBPMSU22100017r2022-10-05te.3w2022-10-05yBK c14295d14295